| 000 | 00932nam a22002297a 4500 | ||
|---|---|---|---|
| 005 | 20170707153109.0 | ||
| 010 | _a1617EN ENG-118779 | ||
| 020 |
_a9781447299264 _c450.00 |
||
| 035 | _aB-654431-447 | ||
| 035 | _aEN-102311 | ||
| 035 | _aB-667889 | ||
| 037 |
_adpl _bTechniz |
||
| 082 | _aN | ||
| 100 | _aDexter, Colin | ||
| 245 |
_aThe daughters of cain / _cby Colin Dexter |
||
| 260 |
_aNew Delhi _bPan Macmillan _c2016 |
||
| 270 |
_a707 Kailash Building ,26, K.G.Marg _bNew Delhi _e110001 |
||
| 300 |
_axxvii,387p. : _c21cm(pbk} |
||
| 942 |
_2ddc _cEN _hN _mDEX |
||
| 999 |
_c102159 _d102159 |
||